| 000 | 00932nam a2200289 i 4500 | ||
|---|---|---|---|
| 001 | 000030645 | ||
| 003 | OSt | ||
| 005 | 20240412074255.0 | ||
| 007 | ta | ||
| 008 | 110525s2011 dr 000 0 spa d | ||
| 020 | _a9789945868876 | ||
| 040 |
_aDO-SdBNP _bspa _cBNPHu _erda |
||
| 082 | 4 |
_aRD863.5 _bG377d _222 |
|
| 100 | 1 |
_aGerónimo, Félix, _d1976- _957233 |
|
| 245 | 1 | 0 |
_aDejando el sur y cuatro cuentos más / _cFélix Gerónimo. |
| 264 |
_aSanto Domingo : _bEdiciones Renovaciones, _c2011. |
||
| 300 |
_a93 páginas ; _c23 cm. |
||
| 336 |
_2rdacontent _atexto _btxt |
||
| 337 |
_2rdamedia _asin mediación _bn |
||
| 338 |
_2rdacarrier _avolumen _bnc |
||
| 586 | _aPremio de Cuento Jaime Colson 2010, Concurso Literario Por Nuestro país | ||
| 590 | _aInventarido, 2019/BT | ||
| 650 | 0 |
_aCuentos dominicanos _9176 |
|
| 650 | 0 |
_aLiteratura dominicana. _967 |
|
| 910 | _aValidado. Control de calidad MFF | ||
| 942 |
_2ddc _cLBS1 |
||
| 999 |
_c30137 _d30137 |
||